000 00438nam a22001697a 4500
003 CEME
005 20210628202708.0
008 201230b xxu||||| |||| 00| 0 eng d
020 _a9780195673913
040 _cCEME
082 _a620.892 GHO
100 _aGhosal, Ashitava
_961114
245 _aRobotics ,fundamentals concepts and analysis
260 _aINDIA
_bOXFORD UNIVERSITY PRESS
_c2015
300 _aXV, 423P
942 _cBK
_2ddc
999 _c570667
_d570667